Manual teknologi pengeluaran kenaf di Malaysia

Bibliographic Details
Main Author: Mat Daham Mat Daud
Other Authors: Mohd Najib Mohd Amin, Wong, Choi Chee
Format: Book
Published: Kuala Lumpur : Institut Penyelidikan dan Kemajuan Pertanian Malaysia, , 2005
Subjects:

MARC

LEADER 00000cam a2200000 7i4500
001 0000003586
005 20070809.0
020 0 0 |a 9679364771 
090 0 0 |a 633.5609595   |b MAT 
100 1 0 |a Mat Daham Mat Daud 
245 1 0 |a Manual teknologi pengeluaran kenaf di Malaysia   |c Mat Daham Mat Daud, Wong Choi Chee, Mohd. Najib Mohd. Amin 
260 0 0 |a Kuala Lumpur :   |b Institut Penyelidikan dan Kemajuan Pertanian Malaysia, ,   |c 2005 
300 |a vii, 45ms. :   |b il. wrn. ;   |c 25x18cm. 
650 0 0 |a Agricultural innovations   |z Malaysia 
650 0 0 |a Kenaf   |x Planting   |z Malaysia   |x Handbooks, manuals, etc. 
650 0 0 |a Plant products industry   |z Malaysia 
700 1 1 |a Mohd Najib Mohd Amin 
700 1 1 |a Wong, Choi Chee 
999 |a 0000007158   |b Monograph   |c Open Shelf   |e Default branch